[Event "Malakhatko Memorial op"]
[Site "Chess.com INT"]
[Date "2023.06.14"]
[Round "7"]
[White "Korol, Dimitry"]
[Black "Skliarov, Olexandr"]
[Result "1-0"]
[WhiteElo "2287"]
[BlackElo "2137"]
[PlyCount "121"]
[EventDate "2023.06.14"]
[EventType "swiss (blitz)"]
[EventRounds "11"]
[EventCountry "USA"]
[SourceTitle "CBM 214 Extra"]
[Source "ChessBase"]
[SourceDate "2023.07.31"]
[SourceVersion "1"]
[SourceVersionDate "2023.07.31"]
[SourceQuality "1"]

1. d4 Nf6 2. c4 e6 3. Nc3 Bb4 4. Qc2 c5 5. dxc5 Bxc5 6. Nf3 Nc6 7. Bg5 h6 8. Bh4 a6 9. e3 0-0 10. Be2 Be7 11. 0-0 d5 12. Rfd1 Qa5 13. a3 dxc4 14. Bxc4 Qh5 15. Be2 Ne5 16. Bg3 Nxf3+ 17. Bxf3 Qc5 18. b4 Qb6 19. Na4 Qb5 20. Be2 Qc6 21. Qxc6 bxc6 22. Nb6 Ra7 23. Bb8 Rb7 24. Nxc8 Rxc8 25. Bg3 Ra7 26. Rac1 c5 27. Bd6 Bxd6 28. Rxd6 Rcc7 29. bxc5 a5 30. f3 Nd7 31. c6 Ne5 32. Bb5 Kf8 33. a4 Ke7 34. Rd4 g5 35. Kf2 f5 36. h3 Nf7 37. f4 Nd6 38. Rcd1 Ne4+ 39. Kf3 Kf6 40. Rd8 Nc3 41. R1d3 Nd5 42. g4 Ke7 43. Rh8 fxg4+ 44. hxg4 gxf4 45. exf4 Kd6 46. Rxh6 Re7 47. f5 Kc5 48. Rxe6 Nb4 49. Rxe7 Rxe7 50. Rd7 Re8 51. c7 Rc8 52. f6 Nd5 53. g5 Nxc7 54. g6 Rf8 55. f7 Ne6 56. Re7 Ng7 57. Kf4 Rh8 58. Kg5 Kd6 59. Re8 Rh2 60. f8Q+ Kd5 61. Qxg7 1-0

[Event "Malakhatko Memorial op"]
[Site "Chess.com INT"]
[Date "2023.06.14"]
[Round "4"]
[White "Skliarov, Olexandr"]
[Black "Rakhmangulova, Anastasiya"]
[Result "1-0"]
[WhiteElo "2137"]
[BlackElo "2347"]
[PlyCount "61"]
[EventDate "2023.06.14"]
[EventType "swiss (blitz)"]
[EventRounds "11"]
[EventCountry "USA"]
[SourceTitle "CBM 214 Extra"]
[Source "ChessBase"]
[SourceDate "2023.07.31"]
[SourceVersion "1"]
[SourceVersionDate "2023.07.31"]
[SourceQuality "1"]

1. d4 Nf6 2. Nf3 g6 3. c4 Bg7 4. Nc3 d6 5. Bf4 0-0 6. h3 c6 7. e3 a5 8. Be2 Na6 9. 0-0 Re8 10. a3 Bf5 11. g4 Bc8 12. Kh2 h5 13. g5 Nd7 14. d5 cxd5 15. cxd5 Ne5 16. Bb5 Bd7 17. Bxe5 dxe5 18. e4 Bxb5 19. Nxb5 Nc5 20. Qe2 a4 21. Nd2 Qb6 22. Rab1 e6 23. Nc3 Bf8 24. Nc4 Qa6 25. Rfe1 Be7 26. h4 Bd8 27. Kg2 b5 28. Ne3 exd5 29. Nexd5 Ne6 30. Qxb5 Nd4 31. Qxe8+ 1-0

[Event "Kiev Blitz Marathon"]
[Site "Kiev"]
[Date "2023.04.23"]
[Round "41"]
[White "Marchenko, Artem"]
[Black "Skliarov, Olexandr"]
[Result "1/2-1/2"]
[WhiteElo "2264"]
[BlackElo "2137"]
[PlyCount "36"]
[EventDate "2023.04.22"]
[EventType "tourn (blitz)"]
[EventRounds "54"]
[EventCountry "UKR"]
[SourceTitle "CBM 213 Extra"]
[Source "ChessBase"]
[SourceDate "2023.05.31"]
[SourceVersion "1"]
[SourceVersionDate "2023.05.31"]
[SourceQuality "1"]

1. e4 Nf6 2. e5 Nd5 3. c4 Nb6 4. c5 Nd5 5. Bc4 c6 6. Nc3 e6 7. Ne4 b6 8. Bxd5 cxd5 9. Nd6+ Bxd6 10. cxd6 Nc6 11. d4 Qh4 12. Nf3 Qe4+ 13. Be3 Ba6 14. Nd2 Qxg2 15. Qf3 Qg6 16. a3 0-0 17. Rc1 Rac8 18. Rc3 f6 1/2-1/2

[Event "Kiev Blitz Marathon"]
[Site "Kiev"]
[Date "2023.04.23"]
[Round "43"]
[White "Nykonenko, Oleg"]
[Black "Skliarov, Olexandr"]
[Result "0-1"]
[WhiteElo "1744"]
[BlackElo "2137"]
[PlyCount "97"]
[EventDate "2023.04.22"]
[EventType "tourn (blitz)"]
[EventRounds "54"]
[EventCountry "UKR"]
[SourceTitle "CBM 213 Extra"]
[Source "ChessBase"]
[SourceDate "2023.05.31"]
[SourceVersion "1"]
[SourceVersionDate "2023.05.31"]
[SourceQuality "1"]

1. d4 Nf6 2. c4 e6 3. Nc3 Bb4 4. Qc2 c5 5. Nf3 Nc6 6. e3 0-0 7. Bd2 cxd4 8. exd4 d5 9. cxd5 exd5 10. Be2 Bg4 11. Be3 Rc8 12. 0-0 Qa5 13. Qb3 Bxc3 14. bxc3 b6 15. Rfc1 Be6 16. Ng5 Bf5 17. c4 h6 18. Nf3 Qb4 19. Bd2 Qxb3 20. axb3 dxc4 21. bxc4 Ne4 22. d5 Nxd2 23. Nxd2 Nd4 24. Bd1 Rc7 25. Nf3 Nxf3+ 26. Bxf3 Rd8 27. Rc3 Rd6 28. Re1 Kh7 29. Re8 a5 30. Ra8 Bd7 31. Kf1 Bf5 32. Ke1 f6 33. Kd2 Rc5 34. Ra6 Bg6 35. Be2 Bf5 36. Rb3 a4 37. Rbxb6 Rxb6 38. Rxb6 Ra5 39. Rb2 a3 40. Ra2 Bb1 41. Ra1 a2 42. Bd3+ Bxd3 43. Kxd3 Kg6 44. Kc2 Kf5 45. Kb3 Ke5 46. Rxa2 Rc5 47. Kb4 Rc8 48. Kc3 Rb8 49. Ra6 0-1

[Event "Kiev Blitz Marathon"]
[Site "Kiev"]
[Date "2023.04.23"]
[Round "24"]
[White "Prohorov, Olexandr"]
[Black "Skliarov, Olexandr"]
[Result "1-0"]
[WhiteElo "2086"]
[BlackElo "2137"]
[PlyCount "89"]
[EventDate "2023.04.22"]
[EventType "tourn (blitz)"]
[EventRounds "54"]
[EventCountry "UKR"]
[SourceTitle "CBM 213 Extra"]
[Source "ChessBase"]
[SourceDate "2023.05.31"]
[SourceVersion "1"]
[SourceVersionDate "2023.05.31"]
[SourceQuality "1"]

1. e4 Nf6 2. e5 Nd5 3. c4 Nb6 4. a4 a5 5. d4 d6 6. exd6 exd6 7. Nc3 Be7 8. Nf3 Bf5 9. Be2 0-0 10. 0-0 Bf6 11. b3 Nc6 12. Ra2 Qd7 13. Rd2 Nb4 14. Ba3 Qe7 15. Re1 Rfe8 16. h3 Qf8 17. Bxb4 axb4 18. Na2 c5 19. dxc5 dxc5 20. Rd6 Rad8 21. Rxd8 Rxd8 22. Qc1 Nc8 23. Qf4 Bc2 24. Nc1 Bc3 25. Rf1 Qd6 26. Qg4 Na7 27. Nh4 Nc6 28. Bf3 Ne5 29. Qg3 Nxf3+ 30. Qxf3 Qf6 31. Qg4 g6 32. Kh1 h5 33. Qg3 Be5 34. f4 Bc7 35. Qf2 Qc3 36. Ne2 Qxb3 37. f5 g5 38. Nf3 f6 39. Qxc5 Qd3 40. Qxc7 Rd7 41. Qc8+ Kg7 42. Ng3 h4 43. Nh5+ Kf7 44. Re1 Qxf5 45. Qe8# 1-0

[Event "Kiev Blitz Marathon"]
[Site "Kiev"]
[Date "2023.04.23"]
[Round "28"]
[White "Skliarov, Olexandr"]
[Black "Kazakov, Maksym"]
[Result "1-0"]
[WhiteElo "2137"]
[BlackElo "2039"]
[PlyCount "150"]
[EventDate "2023.04.22"]
[EventType "tourn (blitz)"]
[EventRounds "54"]
[EventCountry "UKR"]
[SourceTitle "CBM 213 Extra"]
[Source "ChessBase"]
[SourceDate "2023.05.31"]
[SourceVersion "1"]
[SourceVersionDate "2023.05.31"]
[SourceQuality "1"]

1. d4 Nf6 2. Nf3 d6 3. c4 Nbd7 4. Bf4 c6 5. Nc3 Qb6 6. Rb1 Nh5 7. Be3 Qc7 8. g3 e5 9. Bg2 Nhf6 10. 0-0 Be7 11. b4 0-0 12. Qb3 Ng4 13. Bc1 exd4 14. Nxd4 Nb6 15. Bf4 Ne5 16. Rfc1 Nexc4 17. Ne4 Ne5 18. a4 Qd8 19. Nc3 Bf6 20. a5 Nbc4 21. Ne4 d5 22. Nxf6+ Qxf6 23. Rd1 g5 24. Bc1 Bf5 25. Nxf5 Qxf5 26. Bb2 Nxb2 27. Qxb2 Nc4 28. Qd4 Qe5 29. Qg4 h6 30. a6 bxa6 31. Ra1 a5 32. b5 Qe6 33. Qh5 Qg6 34. Qxg6+ fxg6 35. bxc6 Nb6 36. Bxd5+ Kg7 37. Bf3 Rac8 38. Rxa5 Rc7 39. Rda1 Rff7 40. Rc1 Rfe7 41. Kg2 h5 42. h3 Nc8 43. Rd5 Nb6 44. Rd8 Na4 45. Rc2 Nb6 46. e3 Kf6 47. Rd6+ Kg7 48. Be2 Kf7 49. Bd3 Re6 50. Rxe6 Kxe6 51. Bxg6 h4 52. gxh4 gxh4 53. Be4 Ke5 54. Bf3 Rg7+ 55. Kh2 Rc7 56. Bg2 Nc8 57. f4+ Kf6 58. e4 Ne7 59. e5+ Kf5 60. Rc4 Ng6 61. Be4+ Kxf4 62. Bxg6+ Kxe5 63. Be8 Kd5 64. Rxh4 Re7 65. Bd7 Re2+ 66. Kg1 Re1+ 67. Kf2 Rc1 68. Rh5+ Kd6 69. Ra5 Rc2+ 70. Kg3 Rc3+ 71. Kf4 Rc4+ 72. Ke3 Rc3+ 73. Kd4 Rg3 74. Rxa7 Rg7 75. Ra6 Kc7 1-0

[Event "Kiev Blitz Marathon"]
[Site "Kiev"]
[Date "2023.04.23"]
[Round "14"]
[White "Skliarov, Olexandr"]
[Black "Marchenko, Artem"]
[Result "1-0"]
[WhiteElo "2137"]
[BlackElo "2264"]
[PlyCount "87"]
[EventDate "2023.04.22"]
[EventType "tourn (blitz)"]
[EventRounds "54"]
[EventCountry "UKR"]
[SourceTitle "CBM 213 Extra"]
[Source "ChessBase"]
[SourceDate "2023.05.31"]
[SourceVersion "1"]
[SourceVersionDate "2023.05.31"]
[SourceQuality "1"]

1. d4 d5 2. Bf4 Nf6 3. e3 e6 4. c4 dxc4 5. Bxc4 c5 6. Nf3 Nc6 7. Nc3 cxd4 8. exd4 Be7 9. 0-0 0-0 10. d5 Na5 11. b3 Nxc4 12. bxc4 exd5 13. Nxd5 Nxd5 14. cxd5 Bd6 15. Bxd6 Qxd6 16. Qb3 b6 17. a4 Bb7 18. Rfd1 Rad8 19. a5 Bxd5 20. Qe3 Qe6 21. Qxe6 Bxe6 22. Rdb1 Rd6 23. h3 Rfd8 24. Kh2 Kf8 25. Rb4 Bd5 26. Ne5 f6 27. Ng4 Rc6 28. Rd4 Rcd6 29. Rb4 Be6 30. Ne3 Rd4 31. Rb5 Bd7 32. Rb2 b5 33. a6 Be8 34. Rc1 Ke7 35. Nf5+ Ke6 36. Nxd4+ Rxd4 37. Re2+ Kd7 38. Rb2 Kd6 39. Rc8 Bc6 40. Rd8+ Kc5 41. Rc2+ Rc4 42. Ra2 b4 43. Rb8 Bb5 44. Ra5 1-0

[Event "Kiev Blitz Marathon"]
[Site "Kiev"]
[Date "2023.04.23"]
[Round "16"]
[White "Skliarov, Olexandr"]
[Black "Nykonenko, Oleg"]
[Result "1-0"]
[WhiteElo "2137"]
[BlackElo "1744"]
[PlyCount "49"]
[EventDate "2023.04.22"]
[EventType "tourn (blitz)"]
[EventRounds "54"]
[EventCountry "UKR"]
[SourceTitle "CBM 213 Extra"]
[Source "ChessBase"]
[SourceDate "2023.05.31"]
[SourceVersion "1"]
[SourceVersionDate "2023.05.31"]
[SourceQuality "1"]

1. d4 Nf6 2. Nf3 e6 3. Bf4 d5 4. e3 c5 5. c3 Nc6 6. Nbd2 Bd6 7. Bg3 Bd7 8. Bd3 Bxg3 9. hxg3 h6 10. dxc5 e5 11. e4 Qe7 12. b4 d4 13. Nc4 0-0 14. a3 dxc3 15. Qb3 Nd4 16. Qxc3 Nxf3+ 17. gxf3 Rfe8 18. Nd6 Reb8 19. Bc4 Be8 20. Nf5 Qc7 21. Qe3 b5 22. Ba2 a5 23. Nxg7 h5 24. Nxh5 Nh7 25. Qh6 1-0

[Event "Kiev Blitz Marathon"]
[Site "Kiev"]
[Date "2023.04.23"]
[Round "12"]
[White "Skliarov, Olexandr"]
[Black "Skliarov, Viktor"]
[Result "0-1"]
[WhiteElo "2137"]
[BlackElo "2384"]
[PlyCount "75"]
[EventDate "2023.04.22"]
[EventType "tourn (blitz)"]
[EventRounds "54"]
[EventCountry "UKR"]
[SourceTitle "CBM 213 Extra"]
[Source "ChessBase"]
[SourceDate "2023.05.31"]
[SourceVersion "1"]
[SourceVersionDate "2023.05.31"]
[SourceQuality "1"]

1. d4 Nf6 2. Bg5 Ne4 3. Bh4 g5 4. f3 gxh4 5. fxe4 c5 6. c3 Qb6 7. Qb3 cxd4 8. Qxb6 axb6 9. cxd4 Nc6 10. e3 Bh6 11. Ke2 Nb4 12. Na3 d6 13. Kd2 Be6 14. Bb5+ Kf8 15. Nf3 h3 16. gxh3 Bxh3 17. Rhg1 Rg8 18. Rxg8+ Kxg8 19. Kc3 Nc6 20. Nc2 e5 21. Rg1+ Kf8 22. d5 Ne7 23. Rg3 Bc8 24. a3 Ng6 25. Bd3 Bd7 26. Kd2 Rc8 27. Nce1 Ke7 28. Ng2 Rf8 29. Ngh4 Nxh4 30. Nxh4 Rc8 31. Be2 Kf6 32. Bg4 Bxg4 33. Rxg4 Bf8 34. Rg8 Ke7 35. Nf5+ Kd7 36. h4 h6 37. Nxh6 Bxh6 38. Rh8 0-1

[Event "Kyiv Spring Blitz"]
[Site "Kiev"]
[Date "2023.03.26"]
[Round "8"]
[White "Skliarov, Olexandr"]
[Black "Stavroyany, Sergey"]
[Result "1/2-1/2"]
[WhiteElo "2137"]
[BlackElo "2296"]
[PlyCount "97"]
[EventDate "2023.03.26"]
[EventType "swiss (blitz)"]
[EventRounds "9"]
[EventCountry "UKR"]
[SourceTitle "CBM 213 Extra"]
[Source "ChessBase"]
[SourceDate "2023.05.31"]
[SourceVersion "1"]
[SourceVersionDate "2023.05.31"]
[SourceQuality "1"]

1. d4 Nf6 2. Nf3 g6 3. c4 Bg7 4. Nc3 d6 5. Bf4 0-0 6. e3 Nbd7 7. h3 c6 8. Be2 a5 9. 0-0 Re8 10. Bh2 Qc7 11. c5 Bf8 12. cxd6 exd6 13. Rc1 Qd8 14. d5 c5 15. Bb5 Ne4 16. Qc2 f5 17. a4 Qf6 18. Ne2 Bg7 19. b3 Re7 20. Nf4 Nf8 21. Nd2 Nxd2 22. Qxd2 Bd7 23. Qd3 Qb2 24. Rc2 Qf6 25. Rd1 Qf7 26. Bxd7 Rxd7 27. Qb5 Rdd8 28. Bg3 Qd7 29. Qxd7 Rxd7 30. Re1 Re8 31. Rce2 Kf7 32. f3 Bc3 33. Rc1 Be5 34. Kf2 Rb8 35. Nd3 Bxg3+ 36. Kxg3 b5 37. Ra1 c4 38. Nc1 Rc7 39. axb5 Rxb5 40. bxc4 Rxc4 41. Rea2 Rxd5 42. Nb3 Rc3 43. Rxa5 Rxa5 44. Nxa5 Rxe3 45. Rb1 Rd3 46. Nc4 Ne6 47. Rb6 Kf6 48. Rxd6 f4+ 49. Kf2 1/2-1/2

[Event "Odesa Chess Day Blitz"]
[Site "Chess.com INT"]
[Date "2022.07.20"]
[Round "9"]
[White "Chernomordik, Pavel"]
[Black "Skliarov, Olexandr"]
[Result "0-1"]
[WhiteElo "2197"]
[BlackElo "2137"]
[PlyCount "58"]
[EventDate "2022.07.20"]
[EventType "swiss (blitz)"]
[EventRounds "9"]
[EventCountry "UKR"]
[SourceTitle "CBM 209 Extra"]
[Source "ChessBase"]
[SourceDate "2022.09.30"]
[SourceVersion "1"]
[SourceVersionDate "2022.09.30"]
[SourceQuality "1"]

1. e4 e6 2. Nc3 d5 3. d4 Nf6 4. Bg5 Be7 5. e5 Nfd7 6. Bxe7 Qxe7 7. Nb5 Nb6 8. c3 a6 9. Na3 c5 10. Nc2 f5 11. f4 Nc6 12. Nf3 0-0 13. a3 a5 14. a4 Bd7 15. b3 Be8 16. Ne3 cxd4 17. Nxd4 Nd7 18. Bb5 Nc5 19. 0-0 Nxd4 20. cxd4 Bxb5 21. axb5 Ne4 22. g4 g6 23. gxf5 gxf5 24. Kh1 Kh8 25. Qe1 b6 26. Rg1 Rg8 27. Rc1 Rxg1+ 28. Qxg1 Qh4 29. Ng2 Ng3# 0-1

[Event "Odesa Chess Day Blitz"]
[Site "Chess.com INT"]
[Date "2022.07.20"]
[Round "1"]
[White "Gorbenko, Rustem"]
[Black "Skliarov, Olexandr"]
[Result "0-1"]
[WhiteElo "2099"]
[BlackElo "2137"]
[PlyCount "40"]
[EventDate "2022.07.20"]
[EventType "swiss (blitz)"]
[EventRounds "9"]
[EventCountry "UKR"]
[SourceTitle "CBM 209 Extra"]
[Source "ChessBase"]
[SourceDate "2022.09.30"]
[SourceVersion "1"]
[SourceVersionDate "2022.09.30"]
[SourceQuality "1"]

1. e4 Nf6 2. e5 Nd5 3. d4 Nb6 4. Nf3 d5 5. Bd3 Bg4 6. h3 Bxf3 7. Qxf3 e6 8. 0-0 c5 9. c3 Nc6 10. a3 cxd4 11. cxd4 Nxd4 12. Qg4 Nb3 13. Bb5+ Nd7 14. Bg5 Qc7 15. Ra2 a6 16. Ba4 Nbc5 17. Rc1 Qxe5 18. Rxc5 Bxc5 19. b4 Bd6 20. Rc2 Qe1# 0-1

[Event "Odesa Chess Day Blitz"]
[Site "Chess.com INT"]
[Date "2022.07.20"]
[Round "4"]
[White "Skliarov, Olexandr"]
[Black "Grechko, Valentin"]
[Result "0-1"]
[WhiteElo "2137"]
[BlackElo "2122"]
[PlyCount "60"]
[EventDate "2022.07.20"]
[EventType "swiss (blitz)"]
[EventRounds "9"]
[EventCountry "UKR"]
[SourceTitle "CBM 209 Extra"]
[Source "ChessBase"]
[SourceDate "2022.09.30"]
[SourceVersion "1"]
[SourceVersionDate "2022.09.30"]
[SourceQuality "1"]

1. d4 Nf6 2. Nf3 d5 3. c4 e6 4. Nc3 c6 5. e3 Be7 6. Bd3 0-0 7. 0-0 Nbd7 8. Qc2 h6 9. b3 b6 10. e4 dxe4 11. Nxe4 Bb7 12. Ne5 Nxe5 13. dxe5 Nxe4 14. Bxe4 Qc7 15. Bb2 Rad8 16. Rad1 c5 17. Qe2 Bxe4 18. Qxe4 Rd7 19. f4 Rfd8 20. Qf3 Rd2 21. Rxd2 Rxd2 22. Rf2 Qd7 23. Rxd2 Qxd2 24. Qf2 Qd3 25. Qf1 Qc2 26. Qc1 Qe2 27. g3 h5 28. a4 h4 29. Ba1 h3 30. Qb2 Qe1# 0-1

[Event "Eljanov Memorial 6th"]
[Site "Chess.com INT"]
[Date "2020.10.29"]
[Round "6"]
[White "Skliarov, Olexandr"]
[Black "Baziuk, Vladyslav"]
[Result "1-0"]
[WhiteElo "2137"]
[BlackElo "1977"]
[PlyCount "85"]
[EventDate "2020.10.29"]
[EventType "swiss (blitz)"]
[EventRounds "9"]
[EventCountry "UKR"]
[SourceTitle "CBM 199 Extra"]
[Source "ChessBase"]
[SourceDate "2021.01.31"]
[SourceVersion "1"]
[SourceVersionDate "2021.01.31"]
[SourceQuality "1"]

1. Nf3 Nf6 2. d4 g6 3. Bf4 Bg7 4. e3 0-0 5. c4 c6 6. Nc3 d5 7. h3 Bf5 8. Qb3 Qb6 9. c5 Qxb3 10. axb3 Nbd7 11. b4 a6 12. Ne5 Nxe5 13. Bxe5 Ne4 14. Bxg7 Kxg7 15. g4 Nxc3 16. bxc3 Be4 17. Rg1 f5 18. gxf5 Rxf5 19. f4 Raf8 20. Be2 h6 21. Bg4 R5f6 22. h4 Bf5 23. Be2 Be4 24. Kd2 Kh7 25. Rg3 R6f7 26. c4 e6 27. Kc3 Rg7 28. Rag1 Ra8 29. Ra1 Rag8 30. Kb3 Rf8 31. Rag1 Kg8 32. h5 Rf6 33. Ka4 Kf7 34. Ka5 g5 35. Kb6 Kf8 36. cxd5 Bxd5 37. fxg5 hxg5 38. Rxg5 Rxg5 39. Rxg5 Rf2 40. h6 Rh2 41. Rh5 Rxh5 42. Bxh5 Be4 43. Kxb7 1-0

[Event "UKR-RUS LCWL bullet 1+1"]
[Site "Chess.com INT"]
[Date "2020.05.17"]
[Round "2.16"]
[White "Matveev, Vladimir1111"]
[Black "Skliarov, Olexandr"]
[Result "1-0"]
[WhiteElo "2368"]
[BlackElo "2137"]
[PlyCount "97"]
[EventDate "2020.05.17"]
[EventType "team-match (blitz)"]
[EventRounds "2"]
[EventCountry "UKR"]
[SourceTitle "CBM 196 Extra"]
[Source "ChessBase"]
[SourceDate "2020.07.31"]
[SourceVersion "1"]
[SourceVersionDate "2020.07.31"]
[SourceQuality "1"]
[WhiteTeam "Russia"]
[BlackTeam "Ukraine"]
[WhiteTeamCountry "RUS"]
[BlackTeamCountry "UKR"]

1. d4 Nf6 2. c4 e6 3. Nf3 Bb4+ 4. Bd2 Qe7 5. g3 b6 6. Bg2 Ba6 7. Ne5 c6 8. 0-0 0-0 9. Bf4 Qd8 10. c5 bxc5 11. a3 Ba5 12. dxc5 Nd5 13. b4 Nxf4 14. gxf4 Bc7 15. e3 Bxf1 16. Qxf1 Bxe5 17. fxe5 f5 18. f4 a5 19. Nd2 axb4 20. axb4 Rxa1 21. Qxa1 Qc7 22. Nc4 Qb7 23. Nb6 Rf7 24. Bf1 h6 25. h4 g5 26. hxg5 hxg5 27. Kf2 g4 28. Qd4 Qc7 29. Qa1 Rh7 30. Bg2 Qb7 31. Qd4 Na6 32. b5 Nb8 33. Kg3 Qc7 34. bxc6 Nxc6 35. Qa4 Qd8 36. Bxc6 Qh4+ 37. Kg2 Qh2+ 38. Kf1 dxc6 39. Qxc6 Qh3+ 40. Ke2 Qh2+ 41. Kd3 Rg7 42. Qxe6+ Rf7 43. Nd7 Qh1 44. Nf6+ Kf8 45. Qe8+ Kg7 46. Qg8+ Kh6 47. Qh8+ Kg6 48. Qxh1 Rh7 49. Qxh7# 1-0

[Event "UKR-RUS LCWL blitz 5+2"]
[Site "Chess.com INT"]
[Date "2020.05.17"]
[Round "2.42"]
[White "Skliarov, Olexandr"]
[Black "Ikonnikov, Dmitrij"]
[Result "1-0"]
[WhiteElo "2137"]
[BlackElo "2411"]
[PlyCount "159"]
[EventDate "2020.05.17"]
[EventType "team-match (blitz)"]
[EventRounds "2"]
[EventCountry "UKR"]
[SourceTitle "CBM 196 Extra"]
[Source "ChessBase"]
[SourceDate "2020.07.31"]
[SourceVersion "1"]
[SourceVersionDate "2020.07.31"]
[SourceQuality "1"]
[WhiteTeam "Ukraine"]
[BlackTeam "Russia"]
[WhiteTeamCountry "UKR"]
[BlackTeamCountry "RUS"]

1. d4 Nf6 2. Nf3 g6 3. Bf4 Bg7 4. e3 0-0 5. c4 d6 6. Nc3 Nbd7 7. Be2 Re8 8. 0-0 Nh5 9. Bg5 h6 10. Bh4 Nhf6 11. b4 e5 12. Rc1 c6 13. c5 exd4 14. exd4 d5 15. b5 g5 16. Bg3 Ne4 17. bxc6 bxc6 18. Nxe4 dxe4 19. Ne1 Nf6 20. Be5 Nd5 21. Bxg7 Kxg7 22. Nc2 f5 23. Ne3 Nxe3 24. fxe3 Be6 25. Qa4 Qd7 26. Rb1 Rab8 27. g3 Kg6 28. Bc4 Bxc4 29. Qxc4 Rxb1 30. Rxb1 Rf8 31. Qc2 Rf7 32. Rb8 Qd5 33. Qb3 f4 34. Qxd5 cxd5 35. gxf4 gxf4 36. exf4 Rxf4 37. c6 e3 38. c7 e2 39. Re8 Rf1+ 40. Kg2 Rc1 41. Rxe2 Rxc7 42. Re5 Rc2+ 43. Kg3 Rxa2 44. Rxd5 a5 45. h4 a4 46. h5+ Kf6 47. Kg4 Rg2+ 48. Kf4 a3 49. Rd6+ Kg7 50. Kf3 a2 51. Ra6 Rh2 52. Kg3 Rd2 53. Kf3 Kf7 54. Ke4 Ke7 55. Kd5 Kd7 56. Ra7+ Kc8 57. Ke5 Kb8 58. Ra4 Kc7 59. d5 Rh2 60. d6+ Kd7 61. Ra7+ Kc6 62. d7 Rd2 63. Rxa2 Rxd7 64. Rc2+ Kb5 65. Kf6 Rd5 66. Kg6 Rg5+ 67. Kxh6 Rg1 68. Kh7 Rg3 69. h6 Rg1 70. Kh8 Kb6 71. Rc8 Rh1 72. h7 Rg1 73. Rg8 Rh1 74. Kg7 Rg1+ 75. Kf6 Rf1+ 76. Ke5 Re1+ 77. Kd4 Rd1+ 78. Kc3 Rc1+ 79. Kd2 Rh1 80. h8Q 1-0

[Event "UKR-RUS LCWL bullet 1+1"]
[Site "Chess.com INT"]
[Date "2020.05.17"]
[Round "1.16"]
[White "Skliarov, Olexandr"]
[Black "Matveev, Vladimir1111"]
[Result "0-1"]
[WhiteElo "2137"]
[BlackElo "2368"]
[PlyCount "112"]
[EventDate "2020.05.17"]
[EventType "team-match (blitz)"]
[EventRounds "2"]
[EventCountry "UKR"]
[SourceTitle "CBM 196 Extra"]
[Source "ChessBase"]
[SourceDate "2020.07.31"]
[SourceVersion "1"]
[SourceVersionDate "2020.07.31"]
[SourceQuality "1"]
[WhiteTeam "Ukraine"]
[BlackTeam "Russia"]
[WhiteTeamCountry "UKR"]
[BlackTeamCountry "RUS"]

1. Nf3 Nf6 2. d4 g6 3. Bf4 Bg7 4. e3 0-0 5. c4 d6 6. Nc3 Nfd7 7. Be2 e5 8. Bg3 f5 9. h4 f4 10. exf4 exf4 11. Bh2 Nc6 12. d5 Nce5 13. Nd4 Nc5 14. h5 g5 15. Qc2 h6 16. 0-0-0 a5 17. f3 Bd7 18. Bg1 Qf6 19. Nb3 b6 20. Nd2 a4 21. Nde4 Nxe4 22. Nxe4 Qf7 23. Bd4 Bf5 24. a3 Rab8 25. Qc3 Kh8 26. Bd3 b5 27. c5 Qxd5 28. c6 b4 29. axb4 a3 30. bxa3 Qa2 31. Bb1 Qxg2 32. Nxg5 hxg5 33. h6 Bf6 34. Rdf1 Bxb1 35. Kxb1 Qe2 36. h7 Qb5 37. Rh6 Bg7 38. Rfh1 Qxc6 39. Qxc6 Nxc6 40. Bxg7+ Kxg7 41. h8Q+ Rxh8 42. Rxh8 Rxh8 43. Rc1 Ne5 44. Rxc7+ Kf6 45. b5 Nxf3 46. b6 Rb8 47. b7 g4 48. a4 g3 49. a5 g2 50. a6 g1Q+ 51. Kb2 Qb6+ 52. Ka3 Qxc7 53. a7 Qxb7 54. axb8Q Qxb8 55. Ka4 Nd4 56. Ka3 Qb3# 0-1

[Event "POL-UKR U26"]
[Site "Katowice"]
[Date "2014.10.08"]
[Round "1.21"]
[White "Skliarov, Olexandr"]
[Black "Warakomski, Tomasz"]
[Result "0-1"]
[WhiteElo "2101"]
[BlackElo "2462"]
[PlyCount "106"]
[EventDate "2014.10.08"]
[EventType "team-match"]
[EventRounds "4"]
[EventCountry "POL"]
[SourceTitle "EXT 2015"]
[Source "ChessBase"]
[SourceDate "2014.11.20"]
[SourceVersion "1"]
[SourceVersionDate "2014.11.20"]
[SourceQuality "1"]
[WhiteTeam "Kiev Taras Shevchenko Univ"]
[BlackTeam "Warsaw Univ"]
[WhiteTeamCountry "UKR"]
[BlackTeamCountry "POL"]

1. d4 d5 2. c4 Bf5 3. Nc3 e6 4. Nf3 Nc6 5. a3 Nf6 6. Bg5 Be7 7. Bxf6 Bxf6 8. cxd5 exd5 9. e3 Ne7 10. Bd3 c6 11. Qc2 g6 12. h3 0-0 13. g4 Bxd3 14. Qxd3 a5 15. a4 Qb6 16. 0-0 Rfd8 17. Ne2 Nc8 18. b3 Nd6 19. Ng3 Re8 20. Kg2 Re7 21. Qc2 Bg7 22. h4 Ne4 23. Rh1 Nxg3 24. Kxg3 Qc7+ 25. Kh3 f5 26. gxf5 Rf8 27. Rag1 Rxf5 28. Rg3 Ref7 29. Kg2 Qe7 30. Rhh3 Qf6 31. Qe2 Bf8 32. Rg5 Bd6 33. Rxf5 Qxf5 34. Nh2 Bxh2 35. Rxh2 Qe4+ 36. f3 Qb1 37. Kf2 Qxb3 38. h5 Rf6 39. f4 Qxa4 40. hxg6 Rxg6 41. f5 Rg5 42. Rh5 Rxh5 43. Qg4+ Kf8 44. Qxh5 Qc2+ 45. Kg3 Qe4 46. Qxh7 Qxe3+ 47. Kh2 Qf4+ 48. Kh1 Qxd4 49. Qh6+ Qg7 50. Qd6+ Qe7 51. Qh6+ Kg8 52. Qg6+ Kh8 53. Qg4 Qe4+ 0-1

[Event "UKR-POL U26"]
[Site "Lvov"]
[Date "2013.09.27"]
[Round "3"]
[White "Skliarov, Olexandr"]
[Black "Klekowski, Maciej"]
[Result "0-1"]
[WhiteElo "2098"]
[BlackElo "2381"]
[PlyCount "94"]
[EventDate "2013.09.26"]
[EventType "team-swiss"]
[EventRounds "5"]
[EventCountry "UKR"]
[SourceTitle "CBM 156 Extra"]
[Source "ChessBase"]
[SourceDate "2013.10.22"]
[SourceVersion "1"]
[SourceVersionDate "2013.10.22"]
[SourceQuality "1"]
[WhiteTeam "Shevchenko Univ"]
[BlackTeam "Poznan Technology Univ"]
[WhiteTeamCountry "UKR"]
[BlackTeamCountry "POL"]

1. Nf3 Nf6 2. g3 d5 3. Bg2 c6 4. 0-0 g6 5. b3 Bg7 6. Bb2 0-0 7. d3 Nfd7 8. Bxg7 Kxg7 9. d4 Nf6 10. Nbd2 Bf5 11. c4 Ne4 12. Nxe4 Bxe4 13. Nd2 Bxg2 14. Kxg2 dxc4 15. Nxc4 Qd5+ 16. Kg1 Rd8 17. Qc2 Nd7 18. Rfd1 Rac8 19. Ne3 Qh5 20. Rd2 Nf6 21. Rad1 Qh3 22. f3 Nd5 23. Ng2 Qh6 24. e4 Ne3 25. Nxe3 Qxe3+ 26. Kg2 c5 27. dxc5 Rxd2+ 28. Qxd2 Qxc5 29. h4 h5 30. Kh3 e5 31. g4 hxg4+ 32. Kxg4 Re8 33. f4 Qc6 34. Qd5 Qa6 35. Rd3 Qxa2 36. fxe5 Rh8 37. e6 Qg2+ 38. Kf4 Qf2+ 39. Ke5 Rh5+ 40. Kd6 Qb6+ 41. Ke7 Rxd5 42. exd5 Qc7+ 43. Ke8 fxe6 44. d6 Qf7+ 45. Kd8 Qf5 46. Rd1 Qc2 47. Rf1 Qd3 0-1